Mrita bihonga (Record no. 2958)

MARC details
000 -LEADER
fixed length control field 00455cam a2200193ua 4500
001 - CONTROL NUMBER
control field 3114
005 - DATE AND TIME OF LATEST TRANSACTION
control field 20260515113633.0
008 - FIXED-LENGTH DATA ELEMENTS--GENERAL INFORMATION
fixed length control field 110928n ii |||gr||||Z||||||asm
040 ## - CATALOGING SOURCE
Transcribing agency MAIN
082 ## - DEWEY DECIMAL CLASSIFICATION NUMBER
Classification number 891.4513
100 1# - MAIN ENTRY--PERSONAL NAME
Personal name Baruah, Kanchan,
245 11 - TITLE STATEMENT
Title Mrita bihonga
Statement of responsibility, etc. by Kanchan Baruah
250 ## - EDITION STATEMENT
Edition statement 3rd.
260 ## - PUBLICATION, DISTRIBUTION, ETC.
Place of publication, distribution, etc. Guahati:
Name of publisher, distributor, etc. Jyoti prakashan,992.
300 ## - PHYSICAL DESCRIPTION
Extent 191p:
Dimensions 23cm.
653 ## - INDEX TERM--UNCONTROLLED
Uncontrolled term Assamese novel
653 ## - INDEX TERM--UNCONTROLLED
Uncontrolled term Mrita bihonga
942 ## - ADDED ENTRY ELEMENTS (KOHA)
Koha item type Books
Holdings
Withdrawn status Lost status Damaged status Not for loan Home library Current library Shelving location Date acquired Total checkouts Full call number Barcode Date last seen Date last checked out Copy number Price effective from Koha item type
        Naharkatiya College Library Naharkatiya College Library General stacks 09/19/2020 1 891.4513 | BAR 9885 01/29/2021 01/18/2021 1 09/19/2020 Books